Search the Library Catalogue
| 000 -LEADER | |
|---|---|
| fixed length control field | 01646nam a2200169Ia 4500 |
| 008 - FIXED-LENGTH DATA ELEMENTS--GENERAL INFORMATION | |
| fixed length control field | 250728s9999 xx 000 0 und d |
| 020 ## - INTERNATIONAL STANDARD BOOK NUMBER | |
| ISBN | 9780582505995 |
| 082 ## - DEWEY DECIMAL CLASSIFICATION NUMBER | |
| Classification number | 947.0854 |
| Item number | MAR |
| 100 ## - MAIN ENTRY--AUTHOR NAME | |
| Personal name | Marples, David R. |
| 245 #4 - TITLE STATEMENT | |
| Title | The Collapse of the Soviet Union, 1985-1991 |
| 260 ## - PUBLICATION, DISTRIBUTION, ETC. (IMPRINT) | |
| Name of publisher | Routledge |
| Year of publication | 2004 |
| 300 ## - PHYSICAL DESCRIPTION | |
| Number of Pages | 200 pages |
| 500 ## - GENERAL NOTE | |
| General note | Why did the Soviet Union collapse in 1991? The collapse of the Soviet Union has widely been seen as the result of the arms race and Cold War, and the failure of the Soviet side to keep pace with new technology. This book argues that the disintegration was mainly a result of two interrelated factors: the rise of the Soviet national republics, and the manipulation of the new Russian presidency by Boris Yeltsin in what became a direct power struggle between Yeltsin and the Soviet leader, Gorbachev. Written in a clear and accessible manner, the book provides: an explanation of how the national question came to dominate Soviet politics by 1990-1 analysis of the economic crisis that occurred in the late 1980 s a chapter devoted to the year 1991, from the referendum to reform the Soviet Union to the unforeseen dissolution of the country by December a discussion of the personalities of and political confrontation between the two key statesman: Gorbachev and Yeltsin Also containing a Chronology, Glossary and Who s Who of key figures, The Collapse of the Soviet Union is essential reading for students of twentieth century European history. David R. Marples is Professor of History at the University of Alberta. |
| 650 ## - SUBJECT ADDED ENTRY--TOPICAL TERM | |
| Topical Term | Business & Economics |
| 942 ## - ADDED ENTRY ELEMENTS (KOHA) | |
| Koha item type | English Books |
| Withdrawn status | Lost status | Damaged status | Not for loan | Home library | Current library | Shelving location | Date acquired | Full call number | Accession Number | Price effective from | Koha item type |
|---|---|---|---|---|---|---|---|---|---|---|---|
| Anna Centenary Library | Anna Centenary Library | 7TH FLOOR, B WING | 28.07.2025 | 947.0854 MAR | 115584 | 28.07.2025 | English Books |